| 000 | 00550nam a22001937a 4500 | ||
|---|---|---|---|
| 003 | KOHA_MİRAKIL | ||
| 005 | 20251119120148.0 | ||
| 008 | 251119b tu ||||| |||| 00| 0 tur d | ||
| 020 | _a9786256647053 | ||
| 040 |
_aTR-AnABB _btur _cTR-AnABB |
||
| 041 | _atur | ||
| 082 |
_a947 _bLAV 2024 |
||
| 100 | 1 | _aLavrentiy, Keşiş, | |
| 245 | 1 | 0 |
_aLavrentiyev kroniği / _cKeşiş Lavrentiy |
| 260 |
_aİstanbul : _bVakıfbank Kültür Yayınları, _c2024 |
||
| 300 |
_a422 sayfa ; _c22 cm |
||
| 650 | 0 | 4 | _aRus edebiyatı, roman |
| 942 |
_2ddc _cBK |
||
| 999 |
_c9530 _d9530 |
||
| 900 | _bGizem YORULMAZ | ||